LONG.LIVE.A$AP - A$AP Rocky - Statistics

General Stats
  • This quiz has been taken 7 times
  • The average score is 11 of 16
Answer Stats
Songs Plays Artists % Correct
1 Train 150,351,708 A$AP Rocky, Kendrick Lamar, Joey Bada$$, Yelawolf, Danny Brown, Action Bronson, Big K.R.I.T.
100%
Fuckin' Problems 959,368,276 A$AP Rocky, Drake, 2 Chainz, Kendrick Lamar
100%
Goldie 247,242,701 A$AP Rocky
100%
PMW (All I Really Need) 132,003,732 A$AP Rocky, ScHoolboy Q
100%
Wild For The Night 355,994,862 A$AP Rocky, Skrillex, Birdy Nam Nam
100%
Fashion Killa 484,817,822 A$AP Rocky
80%
Hell 48,357,640 A$AP Rocky, Santigold
80%
Long Live A$AP 109,938,996 A$AP Rocky
80%
LVL 344,132,307 A$AP Rocky
80%
Angels 78,970,472 A$AP Rocky
60%
Pain 28,452,533 A$AP Rocky, OverDoz.
60%
Phoenix 93,317,851 A$AP Rocky
60%
Ghetto Symphony 98,614,878 A$AP Rocky, Gunplay, A$AP Ferg
40%
Suddenly 37,391,729 A$AP Rocky
40%
I Come Apart 38,324,679 A$AP Rocky, Florence Welch
20%
Jodye 437,777,384 A$AP Rocky
20%
No matching quizzes found
Score Distribution
Percent of People with Each Score
Percentile by Number Answered
Your Score History
You have not taken this quiz